000 01330nam a22001577a 4500
999 _c527668
_d527668
008 240913b ||||| |||| 00| 0 eng d
100 _aVikash and Verma, Saroj Kumar
_958152
245 _aCivil society in good governance: A critical study of its role in India
260 _aBihar Journal of Public Administration
300 _a21(1), Jan-Jun, 2024: p.251-257
520 _aCivic space is a massive value of a democratic country that makes the political system dynamic and accountable. Civil society inquires about problems from critical perspectives and creates a dialogue atmosphere among citizens. It is believed that civil society activity both precedes and serves as an indicator of successful governance. Political synergies, accountability frameworks, and community mobilization to assert entitlements are important aspects of the relationship between civil society and governance. As such the present paper examines the role of civil society in good governance for ensuring employment, empowerment, justice, and effective service delivery. http://www.iipabiharbranch.org/upload/BJPA_Vol.%20XXI%20No.%201%20Jan-June.%202024.pdf
650 _aGood governance, Civil society, Development, Wlfare, India.
_947638
773 _aBihar Journal of Public Administration
906 _aCIVIL SOCIETY
942 _cAR